| 000 | 01318nam a2200337 i 4500 | ||
|---|---|---|---|
| 001 | 8108 | ||
| 003 | ES-MaACL | ||
| 005 | 20250906063032.0 | ||
| 007 | t| | ||
| 008 | 920218e1989 sp a||||r 0011pdspa | ||
| 017 |
_aZ 2381-1989 _bOficina Depósito Legal Zaragoza |
||
| 020 | _a84-85815-20-3 | ||
| 040 |
_aSpMaBN _bspa _cES-MaACL |
||
| 080 | _a821.134.4-14"19" | ||
| 100 | 1 |
_aFernán-Vello, Miguel Anxo, _d1958- _eaut _949319 |
|
| 245 | 1 | 3 |
_aLa raíz poseída / _cMiguel Anxo Fernán-Vello ; selección y traducción de Luciano Rodríguez ; introducción de Antón Castro |
| 250 | _a[1ª ed.] | ||
| 260 |
_aZaragoza : _bOlifante, _c[1989] |
||
| 300 |
_a110 páginas : _bilustraciones ; _c21 cm |
||
| 490 | 1 | _aOlifante (Serie) | |
| 520 | _aLa raíz poseída es una antología imprescindible de la obra de Miguel Anxo Fernán-Vello, poeta de la emoción, la melancolía… sin duda una de las voces de la lírica gallega | ||
| 599 | _aRetrato del autor | ||
| 655 | 7 |
_aPoesías _2tgfbne _9176539 |
|
| 700 | 1 |
_aRodríguez Gómez, Luciano, _d1951- _etrl _998277 |
|
| 700 | 1 |
_aCastro, Antón, _d1959- _eaui _936832 |
|
| 830 | 0 |
_aOlifante (Serie) _9178046 |
|
| 852 | 4 |
_aES-MaACL _bR.119946 _cDEPO2 _jL-15544 |
|
| 942 |
_cMONOGRAFIA _n0 |
||
| 999 |
_c8108 _d8108 |
||